ბათუმის შოთა რუსთაველის სახელმწიფო უნივერსიტეტის ბიბლიოთეკა

Справочник электросварщика. (ბიბ.ჩანაწერი № 50679)

000 -LEADER
fixed length control field 00662nam a2200217Ia 4500
001 - CONTROL NUMBER
control field 17630
003 - CONTROL NUMBER IDENTIFIER
control field GE_BSU
008 - FIXED-LENGTH DATA ELEMENTS--GENERAL INFORMATION
fixed length control field 181216s||||||||xx |||||||||||||| ||und||
040 ## - CATALOGING SOURCE
Transcribing agency GE_BSU
080 ## - UNIVERSAL DECIMAL CLASSIFICATION NUMBER
Universal Decimal Classification number 621.791(035.3)
100 ## - MAIN ENTRY--PERSONAL NAME
Personal name Глав. ред. В.К.Сердюк.
245 ## - TITLE STATEMENT
Title Справочник электросварщика.
245 ## - TITLE STATEMENT
Statement of responsibility, etc. Борм,М.М. Бялоцкий,Л.А. Васильев,Г.В. и др.
250 ## - EDITION STATEMENT
Edition statement Изд. третье, перераб.
260 ## - PUBLICATION, DISTRIBUTION, ETC.
Place of publication, distribution, etc. М.
260 ## - PUBLICATION, DISTRIBUTION, ETC.
Name of publisher, distributor, etc. Машгиз.
260 ## - PUBLICATION, DISTRIBUTION, ETC.
Date of publication, distribution, etc. 1962.
300 ## - PHYSICAL DESCRIPTION
Extent 750 стр. 21 см.
653 ## - INDEX TERM--UNCONTROLLED
Uncontrolled term Справочник электросварщика.
942 ## - ADDED ENTRY ELEMENTS (KOHA)
Koha item type წიგნი
ეგზემპლარები
Withdrawn status Lost status Damaged status Not for loan Date acquired Barcode Date last seen Price effective from Koha item type
        2018-12-17 10294 2018-12-17 2018-12-17 წიგნი